000 00636 a2200253 4500
260 _aParis
630 _a657 - Comptabilité
037 _b2, Achat
650 _a6 - SCIENCES APPLIQUEES
100 _aGuedj, Norbert
260 _bLes Editions d'Organisation
245 _aDe l'analyse comptable à la gestion financière
300 _a240 p.
650 _aComptabilité : analyse//Gestion : finances
650 _aGestion : finances//Comptabilité : analyse
260 _c1986
300 _b24cm
100 _lFr
037 _aDe 6393
037 _aDe 6392
020 _a2-7081-0689-9
999 _c42092
_d42092